000 00683nam a22002297a 4500
003 UA-OsUOA
001 96611
007 ta
008 20130320b un ||||| |||| 00| 0 ukr d
100 _aЛермонтов М.
090 _a821.161.1
_bЛ49
942 _cBK
040 _aUA-OsUOA
_brus
_cUA-OsUOA
_dUA-OsUOA
245 _aПолное собрание сочиненийв десяти томах
_bТ.2
_cСтихотворения 1832-1841
300 _a401 с.
955 _a3
041 _arus
080 _a821.161.1
260 _aМ.
_bВоскресенье
_c2000
650 7 _a82 Література. Літературознавство
_2UDC
999 _c382864
_d382864